000 00639nam a2200241Ia 4500
003 OSt
005 20221005093356.0
006 a|||||r|||| 00| 0
007 ta
008 221004b |||||||| |||| 00| 0 eng d
024 _a66293
037 _cTextual
040 _aCRL
_cCRL
_beng
041 _2eng
_aeng
082 _aV73:8, N2
100 _aSafire William Ed.
_916386
245 0 _aLend me your ears
_b Great speeches in history
260 _aNew York
_bW.W. Norton USA
_c1992
300 _a948p.
_ccm.
650 _aHISTORY
942 _hV73:8, N2
_cTEXL
_2cc
999 _c1000288
_d1000288